Operacion de plantas industriales:Manual práctico para la operación,mantenimiento y reparaión de equipos y sistemas./Stephen Michael Elonka. (Registro nro. 22033)
[ vista simple ]
| 000 -LÍDER | |
|---|---|
| fixed length control field | 00612nam a2200157 4500 |
| 008 - ELEMENTOS DE LONGITUD FIJA -- INFORMACIÓN GENERAL | |
| fixed length control field | 0 1983 0a 000 0 |
| 020 ## - NÚMERO INTERNACIONAL NORMALIZADO PARA LIBROS | |
| ISBN | 968-451-332-1 |
| 082 ## - NUMERO DE CLASIFICACION DECIMAL DEWEY | |
| Número de Clasificación | 621.8 E547o |
| 100 ## - ASIENTO PRINCIPAL--NOMBRE PERSONAL | |
| Nombre personal | Elonka, Stephen Michael. |
| 245 ## - TÍTULO | |
| Título | Operacion de plantas industriales:Manual práctico para la operación,mantenimiento y reparaión de equipos y sistemas./Stephen Michael Elonka. |
| 260 ## - PUBLICACIÓN, DISTRIBUCIÓN, ETC. (PIE DE IMPRENTA) | |
| Lugar de publicación, distribución, etc. | Méxcio: Mc-Graw-Hill |
| 300 ## - DESCRIPCIÓN FÍSICA | |
| Extensión | 539p./24cm. |
| 500 ## - NOTA GENERAL | |
| Nota general | Incluye Indice Analítico |
| 650 ## - ASIENTO SECUNDARIO DE MATERIA - TERMINO TEMÁTICO | |
| Término temático o nombre geográfico como elemento de entrada | 1.OPERACION DE PLANTAS INDUSTRIALES 2.MANTENIMIENTO Y REPARACION DE EQUIPOS. |
| 700 ## - ASIENTO SECUNDARIO - NOMBRE PERSONAL | |
| Nombre personal | Noriega Francisco G. Tr. |
| No. biblioteca | No. biblioteca | Número de clasificación | Código de barras/Número de adquisición | Número de copia | Tipo de material |
|---|---|---|---|---|---|
| LUIS G. INCLAN | LUIS G. INCLAN | 621.8 E547o | 7230 | 3 | Libros |
| LUIS G. INCLAN | LUIS G. INCLAN | 621.8 E547o | 7228 | 1 | Libros |
